[Event "Montigny le Bretonneux 3rd"]
[Site "Montigny le Bretonneux"]
[Date "2004.10.28"]
[Round "5"]
[White "Ferriere, Patrick"]
[Black "Letang, Jerome"]
[Result "1/2-1/2"]
[WhiteElo "1700"]
[BlackElo "1850"]
[PlyCount "48"]
[EventDate "2004.10.??"]
[EventType "swiss"]
[EventRounds "9"]
[EventCountry "FRA"]
[SourceTitle "EXT 2006"]
[Source "ChessBase"]
[SourceDate "2005.11.24"]
[SourceVersion "1"]
[SourceVersionDate "2005.11.24"]
[SourceQuality "1"]

1. c4 Nf6 2. Nc3 g6 3. g3 Bg7 4. Bg2 0-0 5. Nf3 d6 6. d3 c6 7. 0-0 a6 8. a4 a5 9. Qc2 Na6 10. Bd2 Nb4 11. Qc1 Rb8 12. Bh6 Qb6 13. Be3 Qc7 14. c5 Nfd5 15. Nxd5 Nxd5 16. Bh6 dxc5 17. Bxg7 Kxg7 18. Qxc5 Qb6 19. Qxb6 Nxb6 20. Rfc1 Rd8 21. b3 Be6 22. Nd2 Bd5 23. Rc5 Bxg2 24. Kxg2 Rd5 1/2-1/2

[Event "Montigny le Bretonneux 3rd"]
[Site "Montigny le Bretonneux"]
[Date "2004.10.26"]
[Round "3"]
[White "Ferriere, Patrick"]
[Black "Heimann, Udo"]
[Result "1-0"]
[WhiteElo "1700"]
[BlackElo "1870"]
[PlyCount "87"]
[EventDate "2004.10.??"]
[EventType "swiss"]
[EventRounds "9"]
[EventCountry "FRA"]
[SourceTitle "EXT 2006"]
[Source "ChessBase"]
[SourceDate "2005.11.24"]
[SourceVersion "1"]
[SourceVersionDate "2005.11.24"]
[SourceQuality "1"]

1. c4 Nf6 2. Nc3 d5 3. cxd5 Nxd5 4. Nf3 g6 5. g3 Bg7 6. Bg2 c6 7. 0-0 0-0 8. d4 Bg4 9. h3 Nxc3 10. bxc3 Be6 11. Qd3 Qc8 12. Ng5 Bd7 13. Kh2 Na6 14. Ba3 Re8 15. Qc4 e6 16. Ne4 Qb8 17. Bd6 Qd8 18. Be5 Qa5 19. Nf6+ Bxf6 20. Bxf6 Qf5 21. Be5 g5 22. e4 Qg6 23. Qe2 f6 24. Bd6 Rac8 25. f4 h6 26. fxg5 hxg5 27. Bf3 Qh6 28. Bh5 e5 29. g4 Re6 30. dxe5 Nc7 31. Qc4 Kh7 32. Bf7 Rxd6 33. exd6 Bxg4 34. Qd3 Ne6 35. e5+ Kg7 36. Rxf6 Nf4 37. Rxh6 Nxd3 38. hxg4 Kxh6 39. e6 Kg7 40. Bh5 Ne5 41. Rf1 Rh8 42. Kg3 Nc4 43. d7 Nd6 44. e7 1-0

[Event "Yvelines-ch"]
[Site "Fontenay le Fleury"]
[Date "2003.02.16"]
[Round "7.18"]
[White "Jean, Robert"]
[Black "Ferriere, Patrick"]
[Result "1-0"]
[WhiteElo "1910"]
[BlackElo "1640"]
[PlyCount "78"]
[EventDate "2003.02.17"]
[EventType "swiss"]
[EventRounds "7"]
[EventCountry "FRA"]
[SourceTitle "EXT 2004"]
[Source "ChessBase"]
[SourceDate "2003.11.25"]
[SourceVersion "1"]
[SourceVersionDate "2003.11.25"]
[SourceQuality "1"]

1. c4 c5 2. Nf3 Nf6 3. d4 cxd4 4. Nxd4 g6 5. Nc3 Bg7 6. e4 d6 7. Be2 Nbd7 8. Be3 0-0 9. 0-0 Nc5 10. f3 a6 11. Rc1 Bd7 12. Qd2 Ne8 13. Rfd1 Rc8 14. b3 f5 15. exf5 Bxf5 16. Nxf5 Rxf5 17. f4 Bxc3 18. Qxc3 Ne4 19. Qd4 N4f6 20. g4 Ra5 21. a4 e5 22. fxe5 Rxe5 23. Bf3 Ng7 24. Bf2 Nfe8 25. Bxb7 Rb8 26. Bd5+ Ne6 27. Qxe5 dxe5 28. Bxe6+ Kg7 29. Rxd8 Rxd8 30. Bd5 Nf6 31. Bh4 Rd6 32. Bxf6+ Kxf6 33. h4 h5 34. Rf1+ Ke7 35. gxh5 gxh5 36. Rf5 Rg6+ 37. Kf2 Kd6 38. Rxh5 Kc5 39. Rxe5 a5 1-0

[Event "Yvelines-ch"]
[Site "Fontenay le Fleury"]
[Date "2003.02.15"]
[Round "6.28"]
[White "Ferriere, Patrick"]
[Black "Dubos, Jean Luc"]
[Result "1-0"]
[WhiteElo "1640"]
[BlackElo "1330"]
[PlyCount "123"]
[EventDate "2003.02.17"]
[EventType "swiss"]
[EventRounds "7"]
[EventCountry "FRA"]
[SourceTitle "EXT 2004"]
[Source "ChessBase"]
[SourceDate "2003.11.25"]
[SourceVersion "1"]
[SourceVersionDate "2003.11.25"]
[SourceQuality "1"]

1. c4 Nf6 2. Nf3 g6 3. Nc3 Bg7 4. g3 0-0 5. Bg2 d6 6. 0-0 e5 7. d3 Nc6 8. Rb1 Ne7 9. b4 c6 10. a4 Bd7 11. Nd2 Ne8 12. b5 Rb8 13. Ba3 f5 14. Qc2 Rf6 15. bxc6 Bxc6 16. e4 a6 17. Nd5 Nxd5 18. cxd5 Bd7 19. Rfc1 f4 20. Nf3 h6 21. d4 Rf7 22. dxe5 dxe5 23. Qd2 Bxa4 24. Bb2 Qe7 25. Bh3 Kh7 26. Rc3 Nd6 27. Qe1 Bb5 28. Nd2 Rbf8 29. f3 g5 30. Bf5+ Nxf5 31. exf5 fxg3 32. hxg3 Rxf5 33. Ba3 Qf7 34. Bxf8 Bxf8 35. Qe4 Kg7 36. Rbc1 Bd6 37. Kg2 h5 38. Rc8 b6 39. Rd8 Bc5 40. Nb3 Be7 41. Rb8 g4 42. Rc3 gxf3+ 43. Rxf3 Rxf3 44. Qxf3 Qxf3+ 45. Kxf3 Kg6 46. Ke4 Bf6 47. Nd2 Bd7 48. Rxb6 Bf5+ 49. Ke3 a5 50. Ne4 Bxe4 51. Kxe4 Kg5 52. Ra6 a4 53. Rxa4 Kg4 54. Ra3 Be7 55. Rd3 Bd6 56. Rf3 Kg5 57. Rf5+ Kg6 58. Rxe5 Bxe5 59. Kxe5 Kf7 60. Kd6 Kf6 61. Kc7 Ke7 62. d6+ 1-0